Hottest new cars Quiz Stats

 Plays Quiz not verified by Sporcle

Challenge
Share
Tweet
Embed
Score 0/15 Timer 05:00
0 Plays Today
2014 Answer % Correct
Jaguar F-Type
40%
Mercedes-Benz S Class
40%
Jeep Cherokee
40%
Cadillac ELR
20%
Chevrolet SS
20%
Chevrolet Silverado
20%
Fiat 500L
20%
Chevrolet Corvette Stingray
0%
2014 Answer % Correct
Mercedes-Benz CLA-Class
0%
Toyota Corolla
0%
BMW 4 Series
0%
Cadillac CTS
0%
Infiniti q50
0%
Acura RLX
0%
Kia Cadenza
0%

You're not logged in!

Compare scores with friends on all Sporcle quizzes.
Join for Free
OR
Log In

You Might Also Like...

Show Comments

Extras

Top Quizzes Today


Score Distribution

Your Account Isn't Verified!

In order to create a playlist on Sporcle, you need to verify the email address you used during registration. Go to your Sporcle Settings to finish the process.

Report this User

Report this user for behavior that violates our Community Guidelines.

Details: